| 000 | 01562cam a22003134a 4500 | ||
|---|---|---|---|
| 001 | 27791 | ||
| 005 | 20230410105256.0 | ||
| 008 | 011015s2002 nyua b 001 0 eng | ||
| 035 | _a12563999 | ||
| 925 | 0 |
_aacquire _b2 shelf copies _xpolicy default |
|
| 942 |
_2lcc _cbk |
||
| 010 | _a 2001054929 | ||
| 035 | _a(OCoLC)ocm48162561 | ||
| 040 |
_aDLC _cDLC _dYDX _dOHX _dVET _dOCLCQ _dNLM _dUKM _dDLC |
||
| 016 | 7 |
_a101133974 _2DNLM |
|
| 020 | _a0387950761 (alk. paper) | ||
| 042 | _apcc | ||
| 050 | 1 | 4 |
_aUG 447 _bC938c 2002 |
| 082 | 0 | 0 |
_a355/.34 _221 |
| 100 | 1 |
_aCroddy, Eric, _d1966- |
|
| 245 | 1 | 0 |
_aChemical and biological warfare : _ba comprehensive survey for the concerned citizen / _cEric Croddy. |
| 260 |
_aNew York : _bCopernicus Books, _cc2002. |
||
| 300 |
_axxii, 306 p. : _bill. ; _c25 cm. |
||
| 504 | _aIncludes bibliographical references (p. 293-294) and index. | ||
| 505 | 8 | _aMachine generated contents note: PART ONE: GAS, BUGS, AND COMMON SENSE -- Chapter 1: The Fog of War -- Chapter 2: Who Has These Weapons? -- Chapter 3: Threats and Responses -- PART TWO: CHEMICAL AGENTS -- Chapter 4: Basic Concepts -- Chapter 5: Chemical Warfare: A Brief History -- Chapter 6: Control and Disarmament -- PART THREE: BIOLOGICAL AGENTS -- Chapter 7: Basic Concepts -- Chapter 8: Biological Warfare: A Brief History -- Chapter 9: Control and Disarmament -- Chapter 10: Vaccination and Biological Warfare. | |
| 650 | 0 | _aChemical warfare. | |
| 650 | 0 | _aBiological warfare. | |
| 856 | 4 | 1 |
_3Table of contents _uhttp://www.loc.gov/catdir/toc/fy032/2001054929.html |
| 999 |
_c33416 _d33416 |
||